00742nam a2200229Ia 4500003000400000005001700004006001800021007000300039008004100042037001700083040001800100041001300118082002400131110007000155245006700225260004800292490000900340650004200349700007000391942003200461999001900493OSt20220925184341.0a|||||r|||| 00| 0ta220923b |||||||| |||| 00| 0 eng d cGeneral Book aRTLcRTLbeng 2engaeng aX:(G:55).2.N9, (GD) aIndia, Government of ... Central Statistical Organisation9259954 0aProceedings of the National workshop on environment Statistics aDelhibManager of Publications India  v1998 aEnvironmental Economics-India9261204 aIndia, Government of ... Central Statistical Organisation9259955 hX:(G:55).2.N9, (GD)cGB2CC c507506d507506